Shared Names: US and UK - Statistics

General Stats
  • This quiz has been taken 35 times
  • The average score is 12 of 20
Answer Stats
UK Town US Town Answer % Correct
The most inland major city in the UK Manufacturing centre in Alabama Birmingham
91%
Ferry port of southeast England Delaware's state capital Dover
82%
Cathedral city of the East Midlands Nebraska's state capital Lincoln
82%
Cathedral city in northeast England North Carolina city within the Research Triangle Durham
79%
New Town in northeast England Capital city of the US Washington
79%
Market town bordering the Yorkshire Dales Virginia's state capital Richmond
76%
University city of eastern England Home to Harvard and MIT Cambridge
73%
Scotland's largest city The most populous city for over 110 miles in eastern Montana Glasgow
73%
Industrial city of northwest England Largest city in New Hampshire Manchester
73%
Third most populous city of Scotland Third most populous city of South Dakota Aberdeen
61%
Cathedral city in the West Midlands Industrial city of Massachusetts Worcester
61%
Market town in the East Midlands Largest city in New Jersey Newark
58%
Largest town on the Isle of Wight Island town of Rhode Island that hosted a renowned sailing regatta Newport
48%
England's only city not primarily located on mainland Great Britain Independent city in Virginia Portsmouth
48%
Oldest city in Wales Maine city known for the Great Fire of 1911 Bangor
45%
A town which lost city status in southeast England The 'Worlds Image Centre' in New York state Rochester
39%
Historic cathedral city of northwest England Californian city known for high solar power production Lancaster
30%
Port town in eastern England Massachusetts town famous for clams Ipswich
24%
Coastal town of Cornwall Coastal town on Cape Cod, Massachusetts Falmouth
21%
Market town of the East Midlands Manufacturing city of Ohio Mansfield
15%
No matching quizzes found
Score Distribution
Percent of People with Each Score
Percentile by Number Answered
Your Score History
You have not taken this quiz